Trouvez les pokémons - 26 à 50 - Statistiques

Statistiques générales
  • Ce quiz a été pris 30 fois
  • Le résultat moyen est 19 sur 25
Statistiques - réponses
Par images Hint Réponse % Correct
Nº 0026 Raichu
100%
Nº 0037 Goupix
96%
Nº 0039 Rondoudou
96%
Nº 0027 Sabelette
92%
Nº 0035 Mélofée
85%
Nº 0050 Taupiqueur
85%
Nº 0038 Feunard
81%
Nº 0030 Nidorina
81%
Nº 0033 Nidorino
81%
Nº 0041 Nosferapti
81%
Nº 0028 Sablaireau
81%
Nº 0029 Nidoran♀
77%
Nº 0043 Mystherbe
73%
Nº 0034 Nidoking
73%
Nº 0031 Nidoqueen
73%
Nº 0032 Nidoran♂
73%
Nº 0046 Paras
73%
Nº 0040 Grodoudou
69%
Nº 0036 Mélodelfe
69%
Nº 0042 Nosferalto
69%
Nº 0047 Parasect
65%
Nº 0045 Rafflesia
62%
Nº 0044 Ortide
54%
Nº 0048 Mimitoss
50%
Nº 0049 Aéromite
42%
Aucun quiz correspondant
Distribution des résultats
% des personnes avec chaque résultat
Percentile par nombre de réponses
Votre historique - résultats
Vous n’avez pas pris ce quiz